| 000 | 01001nam a22003377a 4500 | ||
|---|---|---|---|
| 003 | CHAP | ||
| 005 | 20220329143534.0 | ||
| 008 | 100422s1996 us a r 00010 eng d | ||
| 010 | _a98216 | ||
| 011 | _a99188 | ||
| 020 | _a9780471120629 | ||
| 035 | _a109873 | ||
| 040 | _cCHAP | ||
| 082 | 1 | 4 |
_a519.2 _bR73 1996 |
| 100 | 0 | 0 |
_aRoss, Sheldon M. _9100194 |
| 245 | 1 | 0 |
_aStochastic processes _c/por Sheldon M. Ross |
| 250 | _a2 ed. | ||
| 260 |
_aUSA : _bJohn Wiley & Sons, _c1996 |
||
| 300 |
_axv, 510 p. : _bilus. |
||
| 590 |
_aBATCH-UPD _b10 _c20130110 _lUCH01 _h1118 |
||
| 590 |
_aBATCH-UPD _b10 _c20130410 _lUCH01 _h0708 |
||
| 590 |
_aBATCH-UPD _b10 _c20130914 _lUCH01 _h1328 |
||
| 590 |
_aCONVERSION _b10 _c20130109 _lUCH01 _h1354 |
||
| 650 | 1 | 4 |
_aEstocástica. _938336 |
| 650 | 1 | 4 |
_aProbabilidades. _991687 |
| 650 | 1 | 4 |
_aVariables al azar. _9118138 |
| 901 | _aBK | ||
| 911 | _aen proceso | ||
| 942 | _cLIBRO | ||
| 949 |
_a519.2 R73 1996 _bBC _cLIBRO _d33724002167793 _eLIBRO _gI.c/e _h112354 _i109873 _so |
||
| 999 |
_c98216 _d98216 |
||